| 000 | 01197nam a22002657a 4500 | ||
|---|---|---|---|
| 001 | 22148 | ||
| 005 | 20260401110551.0 | ||
| 008 | 260330b |||||||| |||| 00| 0 spa d | ||
| 020 | _a9786078756957 | ||
| 082 |
_a658.401 _bA49 |
||
| 100 |
_aÁlvarez Torres, Martín G. _eAUT |
||
| 245 | _aManual para elaborar manuales de políticas y procedimientos | ||
| 250 | _aPrimera edición | ||
| 260 |
_aCiudad de México : _bProducciones Sin Sentido Común, _c2022 |
||
| 300 |
_a281 páginas : _bcuadros, gráficos ; _c23 cm. |
||
| 440 | _a ; | ||
| 650 | _aTCA | ||
| 653 | _aProcedimientos administrativos; Técnicas administrativas; Diagramas de flujo; Políticas - Manuales | ||
| 654 | _aCAN | ||
| 700 | _a; | ||
| 856 |
_uhttps://0u20fux4a-y-https-research-ebsco-com.itmsp.museknowledge.com/c/qxo6us/search _zVéase además: Base de datos EBSCOhost |
||
| 856 |
_uhttps://0u20vux48-y-https-ebookcentral-proquest-com.itmsp.museknowledge.com/lib/catolicasp/home.action _zVéase además: Base de datos ProQuest Ebook Central |
||
| 856 |
_uhttps://0u213ux4g-y-https-ebooks7--24-com.itmsp.museknowledge.com/biblioteca.aspx _zVéase además: Base de datos Ebook7-24 |
||
| 942 |
_cLIB _dJUS _fMAT _n0 _2ddc |
||
| 999 |
_c22148 _d22148 |
||